00638nam a22001817a 4500003000500000038001800005082000800023100003600031245009900067264003500166300002400201650003900225700004300264856005800307942001200365999001900377952006000396NUST aNusrat Nadeem a200 aHamza, Khawaja Muhammad9120120 aSecrecy Performance of RIS-enhanced Communication under Imperfect CSI/cKhawaja Muhammad Hamza aIslamabad,bSEECS NUST,c2023. aill:b48,p:c30,cm. aMS- Electrical Engineering 923567 aSupervisor: Dr. Syed Ali Hassan996705 u http://10.250.8.41:8080/xmlui/handle/123456789/40346 2ddccSC c607549d607549 00104070aCLbCLcTHEd2024-01-26o200pCL-T-7016ySC